000 00605nam a22002177a 4500
005 20230603123351.0
008 230102b |||||||| |||| 00| 0 eng d
020 _a9789351522010
041 _aeng.
082 _a610.733
_bKAU
100 _aNAVDEP KAUR
_9106146
110 _aHC RAWAT
_9106047
245 _aTEXTBOOK OF ADVANCED NURSING PRATICE9AS PER THE SYLLABUS OF INC FOR MSC STUDENTS
250 _a1ed.
260 _aNAGPUR
_bJAYPEE PUBLICATION
_c2015
300 _a1106
365 _a1495
_bRS.
942 _cBK
999 _c83729
_d83729
650 _aNURSING FOUNDATION
_9181726